000 005210000a22001930004500
001 001338
003 MACL
005 20150903153532.0
008 150903b xxu||||| |||| 00| 0 eng d
040 _aMACL
_cMACL
041 _aEnglish
082 _a814/TRU
100 _aBalasubramaniam, Sirpi
_98940
245 _aA Hymn to Humanity Poems Of Kulothungan
_bCritical Essays
_cSirpi Balasubramaniam
260 _aChennai
_c1999
_bPon Naavarasu Trest,
350 _a125
650 _aLiterature
_98941
942 _k814
_cBK
_2ddc
999 _c1333
_d1333